000 01392cam a2200421 a 4500
001 22509
003 SK-KTurca
005 20260330152435.0
008 240226s1991 xo gr 000 f slo
015 _aSNBA1991/03
020 _a8022002321
_q(viazané)
035 _aSNK000006640
040 _aSNK
_bslo
_cSNK
_eAACR2
041 1 _aslo
_heng
043 _an-us---
044 _axo
_cSK
072 7 _a821.111(73)-3
_xAmerická próza
_2konspekt
080 _a820 (73)-3
_21981
080 _a94(73)"1861/1865"
_22011
080 _a355.483(73)"1861/1865"
_22011
080 _a821.111(73)-31
_22011
080 _a(0:82-311.6)
_22011
080 _a94(73)
_22011
100 1 _aMitchell, Margaret,
_d1900-1949
_4aut
240 1 0 _aGone with the wind
_lSlovensky
245 1 0 _aOdviate vetrom
_bJuh proti Severu
_n1
_cMargaret Mitchellová ; [z amerického originálu Gone with the wind ... preložil Jozef Šimo]
246 3 0 _aJuh proti Severu
250 _a5. vyd.
260 _aBratislava
_bSlovenský spisovateľ
_c1991
_eBratislava
_fDanubiaprint
300 _a522 strán
_c21 cm
500 _aMimo edície
650 0 7 _aamerická občianska vojna (1861-1865)
_2SNKPH
651 7 _aSpojené štáty americké
_xdejiny
_2SNKPHgeo
655 7 _aamerické romány
_2SNKPH
655 7 _ahistorické romány
_2SNKPH
700 1 _aŠimo, Jozef,
_d1909-1984
_4trl
942 _2ddc
_cKLDO
_n0
999 _c22509
_d22509